[Event "Szachowe Lato Poznan 2011, OPEN"]
[Site "WSUS, Poznan"]
[Date "2011.??.??"]
[Round "6.1"]
[White "Moranda, Wojciech"]
[Black "Chojnacki, Krzysztof"]
[Result "1/2-1/2"]
[WhiteElo "2586"]
[BlackElo "2437"]
[PlyCount "81"]
[EventDate "2011.??.??"]

1. d4 Nf6 2. c4 g6 3. Nc3 Bg7 4. e4 d6 5. f4 O-O 6. Nf3 c5 7. d5 e6 8. Be2 exd5
9. cxd5 Bg4 10. O-O Nbd7 11. h3 Bxf3 12. Bxf3 a6 13. g4 b5 14. g5 Ne8 15. Kg2
Nc7 16. a4 bxa4 17. Rxa4 Nb5 18. Qd3 Nb6 19. Ra2 Nd4 20. Bd1 c4 21. Qg3 Nd7 22.
Ra4 Nb6 23. Ra2 Nd7 24. Ra4 Nb6 25. Ra2 Nd7 26. Be3 Nc5 27. f5 Be5 28. Qh4 f6
29. fxg6 hxg6 30. gxf6 Ra7 31. Ne2 Nxe2 32. Bxe2 Bxf6 33. Rxf6 Qxf6 34. Qxf6
Rxf6 35. e5 Re7 36. exf6 Rxe3 37. Bxc4 Kf7 38. b4 Ne4 39. Bxa6 Rg3+ 40. Kh2 Rb3
41. Re2 1/2-1/2

[Event "Szachowe Lato Poznan 2011, OPEN"]
[Site "WSUS, Poznan"]
[Date "2011.??.??"]
[Round "6.2"]
[White "Tomczak, Jacek"]
[Black "Urban, Klaudiusz"]
[Result "1/2-1/2"]
[WhiteElo "2548"]
[BlackElo "2456"]
[PlyCount "55"]
[EventDate "2011.??.??"]

1. e4 e5 2. Nf3 Nc6 3. d4 exd4 4. Nxd4 Bc5 5. Be3 Qf6 6. Nb5 Bxe3 7. fxe3 Qh4+
8. g3 Qd8 9. Qg4 g5 10. N1c3 Ne5 11. Qe2 d6 12. Qf2 a6 13. Nd4 Qf6 14. Qg2 Be6
15. Be2 O-O-O 16. Rf1 Qh6 17. Qf2 Bh3 18. Rg1 Be6 19. O-O-O Nf6 20. Nf5 Bxf5
21. exf5 Rhe8 22. e4 Nc6 23. Bc4 Ne5 24. Be2 Nc6 25. Bc4 Ne5 26. Be2 Nc6 27.
Bc4 Ne5 28. Be2 1/2-1/2

[Event "Szachowe Lato Poznan 2011, OPEN"]
[Site "WSUS, Poznan"]
[Date "2011.??.??"]
[Round "6.3"]
[White "Bernat, Marcin"]
[Black "Szelag, Marcin"]
[Result "1-0"]
[WhiteElo "2138"]
[BlackElo "2478"]
[PlyCount "65"]
[EventDate "2011.??.??"]

1. d4 Nf6 2. c4 g6 3. Nc3 Bg7 4. e4 d6 5. f3 O-O 6. Be3 a6 7. Qd2 Nbd7 8. Nh3
c5 9. Nf2 Qb6 10. Be2 e6 11. dxc5 dxc5 12. O-O e5 13. Rfd1 Re8 14. Rab1 Qc7 15.
g4 Nf8 16. g5 Nh5 17. Nd5 Qc6 18. Nd3 Ne6 19. b4 Nhf4 20. N3xf4 exf4 21. Nxf4
Nxg5 22. Bxc5 Bh6 23. Qd6 Nxe4 24. fxe4 Qxe4 25. Nd5 Qxe2 26. Nf6+ Kh8 27. Re1
Bf5 28. Rxe2 Rxe2 29. Nh5 Re6 30. Bd4+ f6 31. Qd5 Bg5 32. Ng3 Bh3 33. Qxg5 1-0

[Event "Szachowe Lato Poznan 2011, OPEN"]
[Site "WSUS, Poznan"]
[Date "2011.??.??"]
[Round "6.4"]
[White "Shishkin, Vadim"]
[Black "Bajerlein, Dawid"]
[Result "1-0"]
[WhiteElo "2457"]
[BlackElo "2016"]
[PlyCount "109"]
[EventDate "2011.??.??"]

1. d4 c5 2. d5 e5 3. e4 d6 4. Nc3 g6 5. Bd3 Bg7 6. h4 h5 7. Be3 Na6 8. Qd2 Nc7
9. f3 Bd7 10. a4 f5 11. Bg5 Bf6 12. f4 Bxg5 13. hxg5 Qe7 14. Nf3 O-O-O 15.
O-O-O fxe4 16. Bxe4 exf4 17. Qxf4 Rf8 18. Qg3 Bf5 19. Bxf5+ Rxf5 20. Rhe1 Qd8
21. Ne4 Ne8 22. Nh4 Ne7 23. Nxf5 Nxf5 24. Qc3 Nc7 25. Nf6 b6 26. Qd3 Kb7 27. c3
a5 28. b3 Rf8 29. Kb2 h4 30. Re4 Rf7 31. Rde1 Rf8 32. Qc4 Rh8 33. Qd3 Rf8 34.
Ka1 Rh8 35. R4e2 Ka7 36. Rb1 Rf8 37. Rbe1 Kb7 38. Rb2 Qa8 39. Reb1 Qa6 40.
Qxa6+ Nxa6 41. Re1 Nc7 42. Rbe2 Kc8 43. Kb2 Kd8 44. Kc2 Kc8 45. Kd3 Kd8 46. Re4
Rh8 47. Kc2 h3 48. gxh3 Rxh3 49. R4e2 Rg3 50. Rh1 Ne3+ 51. Kd2 Nexd5 52. c4
Rxb3 53. cxd5 Nxd5 54. Rh8+ Kc7 55. Rh7+ 1-0

[Event "Szachowe Lato Poznan 2011, OPEN"]
[Site "WSUS, Poznan"]
[Date "2011.??.??"]
[Round "6.5"]
[White "Wesolowski, Edgar"]
[Black "Sliwerski, Radoslaw"]
[Result "1/2-1/2"]
[WhiteElo "1983"]
[BlackElo "2174"]
[PlyCount "51"]
[EventDate "2011.??.??"]

1. c4 e5 2. Nc3 Nf6 3. g3 d5 4. cxd5 Nxd5 5. Bg2 Nb6 6. Nf3 Nc6 7. O-O Be7 8.
d4 exd4 9. Nb5 O-O 10. Nfxd4 Nxd4 11. Nxd4 c6 12. Qd3 Bf6 13. Rd1 Bg4 14. Be3
Nd5 15. Be4 Nxe3 16. Bxh7+ Kh8 17. Qxe3 Qb6 18. Qf4 Bxe2 19. Be4 Bh5 20. Qf5
Bg6 21. Qh3+ Kg8 22. Bxg6 fxg6 23. Qe6+ Kh7 24. Qh3+ Kg8 25. Qe6+ Kh7 26. Qh3+
1/2-1/2

[Event "Szachowe Lato Poznan 2011, OPEN"]
[Site "WSUS, Poznan"]
[Date "2011.??.21"]
[Round "6.6"]
[White "Bartkowiak, Damian"]
[Black "Musialkiewicz, Jan"]
[Result "1/2-1/2"]
[WhiteElo "2123"]
[BlackElo "2150"]
[PlyCount "60"]
[EventDate "2011.??.??"]

1. d4 d5 2. Nf3 Nf6 3. g3 c6 4. Bg2 Bf5 5. O-O e6 6. b3 Nbd7 7. c4 Be7 8. Nc3
O-O 9. Bb2 Qb6 10. Nd2 Rad8 11. Re1 Rfe8 12. c5 Qc7 13. b4 e5 14. e3 b6 15.
cxb6 Qxb6 16. a3 a5 17. Na4 Qc7 18. bxa5 exd4 19. Bxd4 Qxa5 20. Rc1 c5 21. Nxc5
Nxc5 22. Bxc5 Bxc5 23. Nb3 Qxa3 24. Nxc5 Be4 25. Qd4 Rc8 26. Rc3 Qb2 27. Rec1
Ra8 28. Nxe4 Nxe4 29. Bxe4 dxe4 30. Qc4 Qe2 1/2-1/2

[Event "Szachowe Lato Poznan 2011, OPEN"]
[Site "WSUS, Poznan"]
[Date "2011.??.21"]
[Round "6.8"]
[White "Stachowiak, Slawomir"]
[Black "Cholewa, Maria"]
[Result "1-0"]
[WhiteElo "2023"]
[BlackElo "1857"]
[PlyCount "111"]
[EventDate "2011.??.??"]

1. e4 e5 2. Nf3 Nc6 3. Bb5 Bc5 4. O-O d6 5. d4 exd4 6. Nxd4 Bd7 7. Nxc6 Bxc6 8.
Bxc6+ bxc6 9. Nc3 Ne7 10. Bg5 O-O 11. Na4 Bb6 12. c4 a6 13. c5 Ba7 14. e5 d5
15. b4 Qd7 16. Bxe7 Qxe7 17. Qd4 Rab8 18. Rab1 Rb7 19. Kh1 Rfb8 20. f4 a5 21.
a3 axb4 22. axb4 Qh4 23. Nc3 Qg4 24. Rf3 Qh4 25. g3 Qg4 26. Kg2 h5 27. h3 Qf5
28. Rb2 Qd7 29. Nd1 Rb5 30. Rc3 Qe7 31. Rcc2 R8b7 32. h4 Qf8 33. Nf2 Rb8 34.
Nd3 Qc8 35. Ra2 R5b7 36. Re2 Qf5 37. Re3 Re8 38. Rae2 Re6 39. Qa1 Bb8 40. Qh1
Ra7 41. Qh3 Qxh3+ 42. Kxh3 g6 43. g4 hxg4+ 44. Kxg4 Ra1 45. f5 gxf5+ 46. Kxf5
Rf1+ 47. Rf2 Rg1 48. h5 Kh7 49. Nf4 Re8 50. e6 fxe6+ 51. Rxe6 Rxe6 52. Kxe6 Rb1
53. Nd3 Rb3 54. Rf3 Kh6 55. Rh3 Ba7 56. Kd7 1-0

[Event "Szachowe Lato Poznan 2011, OPEN"]
[Site "WSUS, Poznan"]
[Date "2011.??.21"]
[Round "6.10"]
[White "Szymanski, Leszek"]
[Black "Kozlowski, Tomasz"]
[Result "1/2-1/2"]
[WhiteElo "1840"]
[BlackElo "1958"]
[PlyCount "106"]
[EventDate "2011.??.??"]

1. d4 Nf6 2. c4 b6 3. Nc3 Bb7 4. Nf3 e6 5. Bg5 h6 6. Bh4 g5 7. Bg3 Bb4 8. a3
Bxc3+ 9. bxc3 d6 10. Nd2 Nbd7 11. f3 e5 12. e4 Qe7 13. a4 a5 14. Rb1 Nh5 15.
Nb3 f5 16. exf5 exd4+ 17. Qe2 dxc3 18. Qxe7+ Kxe7 19. Nd4 Nc5 20. Nb5 Kd7 21.
Nxc3 Rae8+ 22. Kd1 Bc6 23. Ra1 Rhf8 24. Bf2 Rxf5 25. Kc2 g4 26. Bxc5 Rxc5 27.
fxg4 Nf4 28. Rg1 Rce5 29. Kd2 Ne6 30. Bd3 Nc5 31. Bc2 d5 32. cxd5 Bxd5 33. Raf1
Nb3+ 34. Bxb3 Bxb3 35. Rf6 R8e6 36. Rxe6 Rxe6 37. Rf1 Rd6+ 38. Kc1 Rd4 39. h3
Bxa4 40. Rf6 Bc6 41. Rxh6 Bxg2 42. Rh7+ Kc6 43. Kc2 Bxh3 44. Rxh3 Rxg4 45. Rh7
Rc4 46. Kb3 Rc5 47. Ne4 Rb5+ 48. Ka3 Rb4 49. Nf6 Rd4 50. Ne8 Rd7 51. Rh5 Rd3+
52. Kb2 Rd5 53. Nf6 Rb5+ 1/2-1/2

[Event "Szachowe Lato Poznan 2011, OPEN"]
[Site "WSUS, Poznan"]
[Date "2011.??.??"]
[Round "6.11"]
[White "Simon, Marek"]
[Black "Glatty, Zbigniew"]
[Result "1/2-1/2"]
[WhiteElo "1819"]
[BlackElo "1950"]
[PlyCount "66"]
[EventDate "2011.??.??"]

1. d4 d5 2. c4 c6 3. Nf3 Nf6 4. Nc3 e6 5. Bg5 Be7 6. e3 Nbd7 7. cxd5 exd5 8.
Bd3 O-O 9. h3 Re8 10. Qc2 Nf8 11. O-O Ne4 12. Bf4 f5 13. Rab1 Ng6 14. Bh2 Bd6
15. Bxd6 Qxd6 16. g3 Nxg3 17. fxg3 Qxg3+ 18. Qg2 Qxg2+ 19. Kxg2 Rxe3 20. Bc2
Bd7 21. Rfe1 Rae8 22. Rxe3 Rxe3 23. Kf2 Re7 24. b4 Nf4 25. h4 Kf7 26. b5 Kf6
27. b6 a6 28. Ne5 Bc8 29. Na4 Ne6 30. Nf3 Nf4 31. Ne5 Ne6 32. Nf3 Nf4 33. Ne5
Ne6 1/2-1/2

[Event "Szachowe Lato Poznan 2011, OPEN"]
[Site "WSUS, Poznan"]
[Date "2011.??.??"]
[Round "6.12"]
[White "Rozumek, Krzysztof"]
[Black "Warchol, Maria"]
[Result "0-1"]
[WhiteElo "1929"]
[BlackElo "1820"]
[PlyCount "60"]
[EventDate "2011.??.??"]

1. h3 e5 2. c3 d5 3. d4 exd4 4. cxd4 c5 5. dxc5 Bxc5 6. e3 Nc6 7. a3 Bf5 8. Bd3
Be4 9. Nf3 a5 10. Nc3 f5 11. Bb5 Bxf3 12. Qxf3 Nge7 13. O-O O-O 14. Rd1 Ne5 15.
Qf4 N5g6 16. Qa4 Ne5 17. f4 Nf7 18. Bd7 Qb6 19. Kf2 Rfd8 20. Rb1 Qd6 21. Bxf5
Nxf5 22. Rxd5 Qg6 23. Rxc5 Qg3+ 24. Kf1 Nxe3+ 25. Bxe3 Qxe3 26. Rxa5 Rxa5 27.
Qxa5 Rd2 28. Qa8+ Nd8 29. Ne4 Qe2+ 30. Kg1 Qxg2# 0-1

[Event "Szachowe Lato Poznan 2011, OPEN"]
[Site "WSUS, Poznan"]
[Date "2011.??.21"]
[Round "6.13"]
[White "Gorniewicz, Oskar"]
[Black "Niekras, Dawid"]
[Result "1/2-1/2"]
[WhiteElo "1914"]
[BlackElo "1797"]
[PlyCount "93"]
[EventDate "2011.??.??"]

1. d4 d5 2. c4 e6 3. Nc3 Nf6 4. Bg5 Be7 5. cxd5 exd5 6. e3 O-O 7. Bd3 c6 8.
Nge2 Nbd7 9. O-O Re8 10. Qc2 Nf8 11. Rab1 a5 12. a3 Ne4 13. Bxe7 Qxe7 14. b4
axb4 15. axb4 Ng6 16. b5 Nh4 17. Bxe4 dxe4 18. bxc6 bxc6 19. Na4 Qg5 20. Ng3
Ba6 21. Rfc1 Bd3 22. Qxc6 Bxb1 23. Rxb1 h5 24. Nc5 f5 25. Qd5+ Kh8 26. Ncxe4
Qg6 27. Nd6 f4 28. Qxh5+ Qxh5 29. Nxh5 Reb8 30. Re1 fxe3 31. fxe3 Rb2 32. Nf4
Raa2 33. Nf7+ Kg8 34. Ng5 Nxg2 35. Rc1 Kf8 36. Nd5 Ke8 37. e4 Rc2 38. Rxc2 Rxc2
39. Nf3 Kd7 40. e5 Ke6 41. Nb4 Rc4 42. Kxg2 Rxb4 43. Kg3 Kd5 44. Kg4 Rb8 45. h4
Rf8 46. Kh3 Rh8 47. Kg4 1/2-1/2

[Event "Szachowe Lato Poznan 2011, OPEN"]
[Site "WSUS, Poznan"]
[Date "2011.??.21"]
[Round "6.14"]
[White "Raczynski, Krzysztof"]
[Black "Rusinski, Mateusz"]
[Result "0-1"]
[WhiteElo "1494"]
[BlackElo "1899"]
[PlyCount "158"]
[EventDate "2011.??.??"]

1. e4 e5 2. Nf3 Nc6 3. Bc4 Bc5 4. O-O Nf6 5. d3 d6 6. Be3 Bb6 7. h3 Bd7 8. Nc3
Qe7 9. Qd2 h6 10. Na4 Bxe3 11. fxe3 b6 12. Nc3 O-O 13. Rae1 a6 14. d4 b5 15.
Bb3 Rad8 16. a3 Nb8 17. Ba2 c5 18. b4 c4 19. Qf2 Bc6 20. d5 Bb7 21. Nh4 Bc8 22.
Nf5 Bxf5 23. exf5 e4 24. Rd1 Rfe8 25. a4 Qa7 26. Bb1 bxa4 27. Qd2 a3 28. Ba2
Rc8 29. Nb1 Nbd7 30. Nxa3 Ne5 31. Qd4 Qc7 32. Nb1 c3 33. Na3 Rb8 34. Rb1 a5 35.
b5 Rec8 36. Rfd1 Qc5 37. Qxc5 Rxc5 38. Rd4 Ned7 39. Kf2 Nb6 40. Rbd1 Nc8 41.
Rb1 h5 42. Ke2 Ne7 43. Ra4 Nxf5 44. Rxa5 Nxd5 45. Bxd5 Rxd5 46. Nc4 Rc5 47. Rb4
d5 48. Na3 Nd6 49. Ra6 Nc8 50. Rb3 g6 51. Rc6 Rxc6 52. bxc6 Rxb3 53. cxb3 Kf8
54. Nb5 Ke7 55. Nxc3 Kd6 56. c7 Nb6 57. Nb5+ Kc6 58. Nd4+ Kxc7 59. b4 Nc4 60.
Kf2 h4 61. Nb5+ Kc6 62. Nd4+ Kb6 63. b5 Nd6 64. Nc6 Kxb5 65. Ne5 Kb4 66. Nc6+
Kc4 67. g4 hxg3+ 68. Kxg3 Kd3 69. Kf4 Kd2 70. Ke5 Kxe3 71. Kxd6 d4 72. Ke5 d3
73. Na5 f5 74. Nc4+ Ke2 75. h4 d2 76. h5 gxh5 77. Nxd2 Kxd2 78. Kf4 e3 79. Kg5
e2 0-1

[Event "Szachowe Lato Poznan 2011, OPEN"]
[Site "WSUS, Poznan"]
[Date "2011.??.??"]
[Round "6.15"]
[White "Chojnacki, Tomasz"]
[Black "Piechota, Izabela"]
[Result "1-0"]
[WhiteElo "1874"]
[BlackElo "1780"]
[PlyCount "59"]
[EventDate "2011.??.??"]

1. e4 c5 2. Nf3 Nc6 3. d4 d6 4. Nc3 a6 5. Be3 b6 6. Bc4 e6 7. d5 Na5 8. dxe6
fxe6 9. Bd3 Be7 10. h3 Bf6 11. e5 dxe5 12. Nxe5 g6 13. Ng4 Ra7 14. Ne4 Bg7 15.
Bg5 Qd4 16. c3 Qd5 17. Bf6 Kf8 18. Bxg7+ Kxg7 19. Qe2 c4 20. Bc2 Rd7 21. Rd1
Qh5 22. O-O b5 23. Rxd7+ Bxd7 24. Rd1 Bc8 25. Rd8 Ne7 26. Rxh8 Kxh8 27. Ng5
Nac6 28. Qf3 Nf5 29. Qxc6 Qxg4 30. Qe8+ 1-0

[Event "Szachowe Lato Poznan 2011, OPEN"]
[Site "WSUS, Poznan"]
[Date "2011.??.??"]
[Round "6.16"]
[White "Kaluzny, Wlodzimierz"]
[Black "Palasz, Michal"]
[Result "1-0"]
[WhiteElo "2114"]
[BlackElo "1747"]
[PlyCount "73"]
[EventDate "2011.??.??"]

1. d4 d5 2. Nf3 Nf6 3. c3 Bf5 4. Bf4 c6 5. e3 e6 6. Bd3 Bg6 7. Ne5 Bxd3 8. Qxd3
Nbd7 9. Nd2 Nxe5 10. Bxe5 Bd6 11. Nf3 Bxe5 12. Nxe5 Nd7 13. Nf3 Nf6 14. O-O Qc7
15. Rac1 O-O-O 16. c4 h6 17. b4 a6 18. a4 Ne4 19. cxd5 exd5 20. Rc2 f6 21. Rfc1
g5 22. b5 axb5 23. axb5 Rd6 24. Nd2 Nxd2 25. Rxd2 h5 26. Qa3 Kd7 27. Rdc2 h4
28. Qd3 Rh6 29. h3 Re6 30. Qf5 Ke7 31. Qxd5 g4 32. Qf5 g3 33. Qf3 gxf2+ 34.
Qxf2 Qg3 35. bxc6 bxc6 36. Rxc6 Qxe3 37. Rxe6+ 1-0

[Event "Szachowe Lato Poznan 2011, OPEN"]
[Site "WSUS, Poznan"]
[Date "2011.??.??"]
[Round "6.17"]
[White "Jaskowski, Tadeusz"]
[Black "Jarmuzek, Karolina"]
[Result "1-0"]
[WhiteElo "1914"]
[BlackElo "1559"]
[PlyCount "87"]
[EventDate "2011.??.??"]

1. e4 c5 2. Nf3 Nc6 3. d4 cxd4 4. Nxd4 Nf6 5. Nc3 d6 6. f3 e5 7. Nb3 Be7 8. Be3
O-O 9. Qd2 Be6 10. O-O-O a5 11. Kb1 a4 12. Nc1 Qa5 13. a3 Rfb8 14. Nb5 Qxd2 15.
Rxd2 Rd8 16. Be2 Ne8 17. Rhd1 Na5 18. Bb6 Rdc8 19. Bxa5 Rxa5 20. g3 Bd7 21. Nc3
Bc6 22. f4 Nf6 23. Bf3 h6 24. N1a2 exf4 25. gxf4 Raa8 26. Nb4 Kf8 27. Re1 Nd7
28. Bg4 Ke8 29. Ncd5 Bxd5 30. Nxd5 Ra6 31. e5 Bf8 32. Nc7+ Kd8 33. Nxa6 bxa6
34. Red1 Rb8 35. exd6 Nf6 36. Bf3 Kd7 37. Rd4 g6 38. Rxa4 Rb6 39. c4 Rb3 40.
Bh1 Bg7 41. c5 Ng4 42. c6+ Kd8 43. c7+ Kd7 44. Bc6+ 1-0

[Event "Szachowe Lato Poznan 2011, OPEN"]
[Site "WSUS, Poznan"]
[Date "2011.??.21"]
[Round "6.18"]
[White "Kaluzny, Jacek"]
[Black "Jedrzejczak, Przemyslaw"]
[Result "0-1"]
[WhiteElo "1552"]
[BlackElo "1814"]
[PlyCount "54"]
[EventDate "2011.??.??"]

1. d4 Nf6 2. Nf3 g6 3. Bf4 Bg7 4. e3 O-O 5. h3 d6 6. Bc4 c5 7. c3 cxd4 8. exd4
Nc6 9. O-O a6 10. Nbd2 b5 11. Be2 Qb6 12. Re1 Re8 13. Qc2 Nd5 14. Bg3 Bf5 15.
Qb3 Be6 16. Qc2 Rac8 17. Qd1 h6 18. Ne4 Na5 19. Bd3 b4 20. Qd2 Bf5 21. Rec1 b3
22. a3 Nc4 23. Qe2 Bxe4 24. Bxe4 Nf6 25. Bd3 d5 26. Ne5 Nxe5 27. Bxe5 e6 0-1

[Event "Szachowe Lato Poznan 2011, OPEN"]
[Site "WSUS, Poznan"]
[Date "2011.??.21"]
[Round "6.19"]
[White "Rys, Marek"]
[Black "Pawlicki, Dariusz"]
[Result "1/2-1/2"]
[WhiteElo "1811"]
[BlackElo "1703"]
[PlyCount "59"]
[EventDate "2011.??.??"]

1. d4 d5 2. c4 e6 3. Nf3 Nf6 4. Bg5 Be7 5. e3 Nc6 6. Nc3 O-O 7. Bd3 b6 8. Rc1
Bb7 9. O-O Nb4 10. Be2 dxc4 11. Bxc4 Nfd5 12. Bxe7 Nxe7 13. a3 Nbd5 14. Qe2 Rc8
15. Rfd1 Nxc3 16. Rxc3 Nd5 17. Rcc1 Qe7 18. Ba6 c5 19. dxc5 Rxc5 20. Bxb7 Qxb7
21. b4 Rc3 22. Qb2 Rxc1 23. Rxc1 Rc8 24. h3 h6 25. Nd4 a6 26. Rxc8+ Qxc8 27.
Qc2 Qc3 28. Qxc3 Nxc3 29. Nc2 e5 30. Kf1 1/2-1/2

[Event "Szachowe Lato Poznan 2011, OPEN"]
[Site "WSUS, Poznan"]
[Date "2011.??.??"]
[Round "6.21"]
[White "Hoffmann, Piotr"]
[Black "Kaczmarczyk, Pawel"]
[Result "0-1"]
[WhiteElo "1771"]
[BlackElo "1635"]
[PlyCount "76"]
[EventDate "2011.??.??"]

1. Nc3 d5 2. e4 c6 3. exd5 cxd5 4. d4 Nc6 5. Nf3 Bg4 6. Be2 Bxf3 7. Bxf3 e6 8.
O-O Nf6 9. Bg5 Bd6 10. Ne2 h6 11. Bh4 g5 12. Bg3 g4 13. Bxd5 Nxd5 14. c4 Nf6
15. d5 exd5 16. cxd5 Ne7 17. Bh4 Ng6 18. Bxf6 Qxf6 19. Qa4+ Kf8 20. Qxg4 h5 21.
Qd7 Bxh2+ 22. Kxh2 Qe5+ 23. Kg1 Qxe2 24. Qxb7 Kg7 25. Rfe1 Qg4 26. Re3 h4 27.
Qb3 Nf4 28. g3 hxg3 29. Rxg3 Ne2+ 30. Kg2 Nxg3 31. fxg3 Qe2+ 32. Kg1 Qh2+ 33.
Kf1 Qh1+ 34. Kf2 Rh2+ 35. Ke3 Re8+ 36. Kd4 Qxa1 37. Kc5 Qxb2 38. Qf3 Qf2+ 0-1

[Event "Szachowe Lato Poznan 2011, OPEN"]
[Site "WSUS, Poznan"]
[Date "2011.??.??"]
[Round "6.22"]
[White "Zak, Pawel"]
[Black "Lisiecki, Robert"]
[Result "1-0"]
[WhiteElo "1743"]
[BlackElo "1510"]
[PlyCount "67"]
[EventDate "2011.??.??"]

1. b4 b5 2. Bb2 Bb7 3. e3 e6 4. Nf3 Nf6 5. a3 a6 6. c4 bxc4 7. Bxc4 d5 8. Be2
c5 9. bxc5 Bxc5 10. d4 Be7 11. Qb3 Qc7 12. O-O O-O 13. Rc1 Nc6 14. Ne5 Bd6 15.
a4 Bxe5 16. dxe5 Nd7 17. Ba3 Rfc8 18. Bd6 Qb6 19. Qxb6 Nxb6 20. Nd2 Nd7 21.
Rab1 Ra7 22. Rxb7 Rxb7 23. Bxa6 Rbc7 24. Bxc7 Rxc7 25. Bb5 Ndb8 26. Nf3 Rb7 27.
Nd4 Ne7 28. f4 h6 29. Kf2 Nd7 30. Nc6 Nxc6 31. Rxc6 Nb6 32. a5 Na8 33. Rc8+ Kh7
34. Bd3+ 1-0

[Event "Szachowe Lato Poznan 2011, OPEN"]
[Site "WSUS, Poznan"]
[Date "2011.??.??"]
[Round "6.23"]
[White "Jablonski, Grzegorz"]
[Black "Palasz, Krzysztof"]
[Result "0-1"]
[WhiteElo "1618"]
[BlackElo "1734"]
[PlyCount "42"]
[EventDate "2011.??.??"]

1. e4 c5 2. Nf3 e6 3. c3 Nf6 4. d3 d5 5. e5 Nfd7 6. d4 Nc6 7. Bb5 Qb6 8. Bxc6
bxc6 9. O-O cxd4 10. cxd4 c5 11. Re1 cxd4 12. Qxd4 Bc5 13. Qd2 f6 14. Nc3 Qb8
15. exf6 Nxf6 16. Nd4 Ng4 17. g3 O-O 18. f4 e5 19. fxe5 Nxe5 20. Kg2 Ba6 21.
Ndb5 Rf2+ 0-1

[Event "Szachowe Lato Poznan 2011, OPEN"]
[Site "WSUS, Poznan"]
[Date "2011.??.21"]
[Round "6.24"]
[White "Kupsik, Joanna"]
[Black "Pawlowski, Rafal"]
[Result "1-0"]
[WhiteElo "1696"]
[BlackElo "1462"]
[PlyCount "115"]
[EventDate "2011.??.??"]

1. e4 e5 2. Nf3 Nc6 3. Bc4 Nf6 4. d3 d6 5. h3 Be7 6. Be3 O-O 7. Nc3 Na5 8. Bb3
c6 9. d4 exd4 10. Nxd4 b5 11. a3 Nxb3 12. Nxb3 Re8 13. O-O Qc7 14. Qf3 Bb7 15.
Bf4 Nd7 16. Rad1 Ne5 17. Qg3 Bf6 18. Nd4 a5 19. Nf5 Rad8 20. Rfe1 b4 21. axb4
axb4 22. Ne2 c5 23. Nc1 g6 24. b3 Rd7 25. Nh6+ Kh8 26. Bg5 Bg7 27. Qh4 Re6 28.
Ng4 Nxg4 29. Qxg4 Bc3 30. Re2 Ba6 31. Nd3 c4 32. bxc4 Bxc4 33. Bh6 f6 34. Re3
g5 35. Rf3 Rde7 36. Qxg5 Bxd3 37. cxd3 Qa7 38. Qd5 Qa4 39. Rb1 Qc2 40. Qb3 Qxb3
41. Rxb3 Ra7 42. d4 Ra1+ 43. Kh2 Ra8 44. Rf5 Rxe4 45. Rxf6 Bxd4 46. Rf7 Kg8 47.
Rbf3 Ree8 48. Rb7 Re6 49. Rg3+ Kh8 50. Bg7+ Bxg7 51. Rgxg7 Re4 52. Rxh7+ Kg8
53. Rhg7+ Kh8 54. Rgf7 Kg8 55. f4 b3 56. Rf6 Ra3 57. Rxd6 Rxf4 58. Rd3 1-0

[Event "Szachowe Lato Poznan 2011, OPEN"]
[Site "WSUS, Poznan"]
[Date "2011.??.??"]
[Round "6.27"]
[White "Kostecki, Samuel"]
[Black "Wittig, Zenon"]
[Result "1/2-1/2"]
[WhiteElo "1341"]
[BlackElo "1631"]
[PlyCount "37"]
[EventDate "2011.??.??"]

1. d4 d5 2. c4 e6 3. g3 Nf6 4. Bg2 c6 5. Qc2 Be7 6. Bf4 O-O 7. Nf3 Nbd7 8. Nbd2
dxc4 9. Nxc4 Ne5 10. Bd2 Nfd7 11. O-O Nb6 12. Ncxe5 Bd6 13. Rfd1 Qc7 14. Nc4
Be7 15. a3 Bd7 16. Rac1 Bf6 17. e4 Nc8 18. Bf4 Qd8 19. Nd6 1/2-1/2